Serbische Vergangenheitsaufarbeitung : Normwandel und Deutungskämpfe im Umgang mit Kriegsverbrechen, 1991-2012.

Bibliographic Details
Main Author: Mehler, Daniela.
Format: eBook
Language:German
Published: Bielefeld : transcript, 2015.
Edition:1st ed.
Series:Global Studies
Subjects:
Online Access:Click to View
LEADER 02612nam a22003853i 4500
001 EBC6695271
003 MiAaPQ
005 20231204023218.0
006 m o d |
007 cr cnu||||||||
008 231204s2015 xx o ||||0 ger d
020 |a 9783839428504  |q (electronic bk.) 
020 |z 9783837628500 
035 |a (MiAaPQ)EBC6695271 
035 |a (Au-PeEL)EBL6695271 
035 |a (OCoLC)979602015 
040 |a MiAaPQ  |b eng  |e rda  |e pn  |c MiAaPQ  |d MiAaPQ 
100 1 |a Mehler, Daniela. 
245 1 0 |a Serbische Vergangenheitsaufarbeitung :  |b Normwandel und Deutungskämpfe im Umgang mit Kriegsverbrechen, 1991-2012. 
250 |a 1st ed. 
264 1 |a Bielefeld :  |b transcript,  |c 2015. 
264 4 |c {copy}2015. 
300 |a 1 online resource (371 pages) 
336 |a text  |b txt  |2 rdacontent 
337 |a computer  |b c  |2 rdamedia 
338 |a online resource  |b cr  |2 rdacarrier 
490 1 |a Global Studies 
505 0 |a Cover -- Inhalt -- Abkürzungsverzeichnis -- Danksagung -- 1. Einleitung -- 1.1 Forschungsstand, Leerstellen, Innovationen -- 1.2 Theoretische Einbettung -- 1.3 Vergangenheitsaufarbeitung -- 1.4 Analyseschritte und Operationalisierung -- 1.5 Material -- 2. Erfahrungsbasierte Vorstellungen des Umgangs mit Kriegsverbrechen -- 2.1 Der internationale Umgang mit Kriegsverbrechen -- 2.2 Der Umgang mit Kriegsverbrechen in Jugoslawien -- 2.3 Aufarbeitung ≠ Aufarbeitung -- 3. Vergangenheitsaufarbeitung in Jugoslawien und Serbien 1991-2012 -- 3.1 Die Aufarbeitung von Kriegsverbrechen im Miloševic-Regime -- 3.2 Die Aufarbeitung von Kriegsverbrechen im demokratischen Serbien -- 3.3 Normativer Wandel: Normübernahme? -- 4. Srebrenica erinnern: Narrative und Normen -- 4.1 Internationale Deklarationen und Deutungsfestschreibungen 1995-2009 -- 4.2 Deklarationen serbischer Akteure 2005-2010 -- 4.3 Lexikometrische Analyse des Normwandels in Serbien -- 4.4 Eine Wahrheit? -- 5. Fazit -- Literatur / Quellen -- Verwendetes Diktionär -- Serbische Auslieferungen an das ICTY. 
588 |a Description based on publisher supplied metadata and other sources. 
590 |a Electronic reproduction. Ann Arbor, Michigan : ProQuest Ebook Central, 2023. Available via World Wide Web. Access may be limited to ProQuest Ebook Central affiliated libraries.  
655 4 |a Electronic books. 
776 0 8 |i Print version:  |a Mehler, Daniela  |t Serbische Vergangenheitsaufarbeitung  |d Bielefeld : transcript,c2015  |z 9783837628500 
797 2 |a ProQuest (Firm) 
830 0 |a Global Studies 
856 4 0 |u https://ebookcentral.proquest.com/lib/matrademy/detail.action?docID=6695271  |z Click to View